| 000 | 00400nam a2200133 a 4500 | ||
|---|---|---|---|
| 001 | 000005973 | ||
| 005 | 20200929151852.0 | ||
| 008 | 090825s1968 dr 000 0 spa d | ||
| 040 |
_aDO-SdBNP _bspa _cBNPHU |
||
| 082 |
_axxx _bS623i |
||
| 245 | 0 | 3 | _aSituación de la industria dominicana en 1966. |
| 260 |
_aSanto Domingo : _bBanco Central de la República Dominicana, _c1968. |
||
| 300 |
_a117 p. ; _c26 cm. |
||
| 999 |
_c5769 _d5769 |
||